Vymedzenie súvislostí medzi marketingom a logistikou
Vzťah medzi marketingom a logistikou. Analýza medzery zameraná na marketingový mix. Zvýšenie trhového podielu spoločnosti vhodnou kombináciou zložiek marketingového mixu, pričom sa zdôrazňuje význam vplyvu logistiky. Rozvoj siete logistických brokerov - projekt Kassetts.
Salvato in:
| Autore principale: | |
|---|---|
| Natura: | Capitolo di libro |
| Lingua: | slovacco |
| Soggetti: | |
| Tags: |
Nessun Tag, puoi essere il primo ad aggiungerne!!
|
MARC
| LEADER | 00000naa$a2200000$$$4500 | ||
|---|---|---|---|
| 001 | 0125094 | ||
| 005 | 20240502072425.5 | ||
| 041 | 0 | |a slo | |
| 044 | |a SK | ||
| 245 | 1 | 0 | |a Vymedzenie súvislostí medzi marketingom a logistikou |c Lucia Furdová |
| 520 | |a Vzťah medzi marketingom a logistikou. Analýza medzery zameraná na marketingový mix. Zvýšenie trhového podielu spoločnosti vhodnou kombináciou zložiek marketingového mixu, pričom sa zdôrazňuje význam vplyvu logistiky. Rozvoj siete logistických brokerov - projekt Kassetts. | ||
| 610 | 2 | 0 | |a marketing |
| 610 | 2 | 0 | |a marketing mix |
| 610 | 2 | 0 | |a produkty |
| 610 | 2 | 0 | |a ceny |
| 610 | 2 | 0 | |a propagácia |
| 610 | 2 | 0 | |a procesy podnikové |
| 610 | 2 | 0 | |a logistika |
| 100 | 1 | |a Furdová, Lucia, 1984- | |